| 000 | 00724nam a22001817a 4500 | ||
|---|---|---|---|
| 999 |
_c18167 _d18167 |
||
| 003 | AR-CdUCM | ||
| 008 | 190513b ||||| |||| 00| 0 spa d | ||
| 040 |
_aMUNICIPALIDAD PROVINCIAL DEL CUSCO _cBIBLIOTECA MUNICIPAL DEL CUSCO |
||
| 082 |
_a828.84 / _bST79 |
||
| 100 |
_aStevenson, Roberto Luis. _938605 |
||
| 245 |
_aEl hombre y la bestia : _bEl extraño caso del Dr. Jekyll y Mr. Hyde / |
||
| 260 |
_aBuenos Aires : _bTor, |
||
| 300 |
_a190 páginas ; _c19 cm. |
||
| 505 | _aContenido : Historia de la puerta -- En busca del señor Hyde -- El doctor Jekyll estaba tranquilo -- El caso del asesino de Carew -- Incidente de la ventana ... | ||
| 650 |
_aLiteratura. _983 |
||
| 942 |
_2ddc _cLIBROS |
||
| 945 |
_arum _d2019-05-13 |
||